<?xml version="1.0" encoding="UTF-8"?>
<record
    xmlns:xsi="http://www.w3.org/2001/XMLSchema-instance"
    xsi:schemaLocation="http://www.loc.gov/MARC21/slim http://www.loc.gov/standards/marcxml/schema/MARC21slim.xsd"
    xmlns="http://www.loc.gov/MARC21/slim">

  <leader>02287cam a22002774a 4500</leader>
  <controlfield tag="001">13183877</controlfield>
  <controlfield tag="003">OSt</controlfield>
  <controlfield tag="005">20220202100445.0</controlfield>
  <controlfield tag="008">030502s2004    nyu      b    001 0 eng  </controlfield>
  <datafield tag="010" ind1=" " ind2=" ">
    <subfield code="a">  2003052741</subfield>
  </datafield>
  <datafield tag="020" ind1=" " ind2=" ">
    <subfield code="a">978998801094X</subfield>
  </datafield>
  <datafield tag="040" ind1=" " ind2=" ">
    <subfield code="a">DLC</subfield>
    <subfield code="c">DLC</subfield>
    <subfield code="d">DLC</subfield>
  </datafield>
  <datafield tag="042" ind1=" " ind2=" ">
    <subfield code="a">pcc</subfield>
  </datafield>
  <datafield tag="050" ind1="0" ind2="0">
    <subfield code="a">HF5549.A1(3e)</subfield>
  </datafield>
  <datafield tag="082" ind1="0" ind2="0">
    <subfield code="a">658.3</subfield>
    <subfield code="2">21</subfield>
  </datafield>
  <datafield tag="100" ind1=" " ind2=" ">
    <subfield code="q">Asare-Bediako, Kwadwo</subfield>
  </datafield>
  <datafield tag="245" ind1="1" ind2="0">
    <subfield code="a">Professional skills in human resource management. /</subfield>
    <subfield code="c">Kwadwo Asare-Bediako</subfield>
  </datafield>
  <datafield tag="250" ind1=" " ind2=" ">
    <subfield code="a">3rd ed.</subfield>
  </datafield>
  <datafield tag="260" ind1=" " ind2=" ">
    <subfield code="a">Kasoa, Ghana:</subfield>
    <subfield code="b">Bediako Memorial Institute,</subfield>
    <subfield code="c">2018.</subfield>
  </datafield>
  <datafield tag="300" ind1=" " ind2=" ">
    <subfield code="a">xvi, 334 p. ;</subfield>
    <subfield code="b">ill. ;</subfield>
    <subfield code="c">25cm.</subfield>
  </datafield>
  <datafield tag="504" ind1=" " ind2=" ">
    <subfield code="a">Includes indexes.</subfield>
  </datafield>
  <datafield tag="505" ind1=" " ind2=" ">
    <subfield code="a">Contents: 1. The field of HR management: The human resource management function -- The history of human resource management -- Competencies: an outcome HR must deliver to the organization -- Establishing data for human resource management -- Principles of human behaviour for HR practitioners -- 2. Recruiting and selecting competent job applicants: Stages and issues in recruitment and selection -- Behavioural interviewing -- 3. Training and developing employees: Designing new employee orientation system -- The learning &amp; development function -- Identifying learning needs -- Understanding adult learning -- Designing and facilitating a training session -- Strategies for ensuring transfer of learning -- Evaluating training effectiveness -- Developing a succession planning and career development system -- 4. Utilizing employee potential: Utilizing employee potential through the employee suggestion system -- Using work teams to improve productivity -- Improving employee performance with a performance management system -- 5. Rewarding &amp; motivating employees: Evaluating and classifying jobs for rewards management -- Designing a salary structure -- Negotiating collective agreements -- 6. Strategic human resource management: HR as a strategic business partner -- The annual HR business plan -- Writing the monthly HR report -- Writing HR proposals -- Developing human resource policies -- 7. Organization development skills for the HR practitioner: Organization development skills for the HR practitioner --</subfield>
  </datafield>
  <datafield tag="650" ind1=" " ind2="0">
    <subfield code="a">Personnel management</subfield>
  </datafield>
  <datafield tag="906" ind1=" " ind2=" ">
    <subfield code="a">7</subfield>
    <subfield code="b">cbc</subfield>
    <subfield code="c">orignew</subfield>
    <subfield code="d">1</subfield>
    <subfield code="e">ocip</subfield>
    <subfield code="f">20</subfield>
    <subfield code="g">y-gencatlg</subfield>
  </datafield>
  <datafield tag="942" ind1=" " ind2=" ">
    <subfield code="2">lcc</subfield>
    <subfield code="c">BK</subfield>
  </datafield>
  <datafield tag="999" ind1=" " ind2=" ">
    <subfield code="c">8586</subfield>
    <subfield code="d">16086</subfield>
  </datafield>
  <datafield tag="952" ind1=" " ind2=" ">
    <subfield code="0">0</subfield>
    <subfield code="1">0</subfield>
    <subfield code="2">lcc</subfield>
    <subfield code="4">0</subfield>
    <subfield code="7">0</subfield>
    <subfield code="a">WIUC-1</subfield>
    <subfield code="b">WIUC-1</subfield>
    <subfield code="c">REF</subfield>
    <subfield code="d">2022-02-02</subfield>
    <subfield code="o">HF 5549. A1(3e)</subfield>
    <subfield code="p">8891/342/20</subfield>
    <subfield code="r">2022-02-02 00:00:00</subfield>
    <subfield code="t">1</subfield>
    <subfield code="w">2022-02-02</subfield>
    <subfield code="y">BK</subfield>
  </datafield>
  <datafield tag="952" ind1=" " ind2=" ">
    <subfield code="0">0</subfield>
    <subfield code="1">0</subfield>
    <subfield code="2">lcc</subfield>
    <subfield code="4">0</subfield>
    <subfield code="7">0</subfield>
    <subfield code="a">WIUC-1</subfield>
    <subfield code="b">WIUC-1</subfield>
    <subfield code="c">REF</subfield>
    <subfield code="d">2022-02-02</subfield>
    <subfield code="o">HF 5549. A11(3e)</subfield>
    <subfield code="p">8892/343/20</subfield>
    <subfield code="r">2022-02-02 00:00:00</subfield>
    <subfield code="t">2</subfield>
    <subfield code="w">2022-02-02</subfield>
    <subfield code="y">BK</subfield>
  </datafield>
  <datafield tag="952" ind1=" " ind2=" ">
    <subfield code="0">0</subfield>
    <subfield code="1">0</subfield>
    <subfield code="2">lcc</subfield>
    <subfield code="4">0</subfield>
    <subfield code="7">0</subfield>
    <subfield code="a">WIUC-1</subfield>
    <subfield code="b">WIUC-1</subfield>
    <subfield code="c">REF</subfield>
    <subfield code="d">2022-02-02</subfield>
    <subfield code="l">0</subfield>
    <subfield code="o">HF 5549. A12 (3e)</subfield>
    <subfield code="p">8893/344/20</subfield>
    <subfield code="r">2022-02-02 00:00:00</subfield>
    <subfield code="t">3</subfield>
    <subfield code="w">2022-02-02</subfield>
    <subfield code="y">BK</subfield>
  </datafield>
</record>
